Ready for battle : (Record no. 3205)

MARC details
000 -LEADER
fixed length control field 00916cam a2200265 a 4500
001 - CONTROL NUMBER
control field 1580198
003 - CONTROL NUMBER IDENTIFIER
control field GBCCL
005 - DATE AND TIME OF LATEST TRANSACTION
control field 20241126110449.0
008 - FIXED-LENGTH DATA ELEMENTS--GENERAL INFORMATION
fixed length control field 930914s1993 ilu 000 0 eng
010 ## -
-- 93035784
020 ## - INTERNATIONAL STANDARD BOOK NUMBER
International Standard Book Number 0877887276 :
Terms of availability $7.99
040 ## - CATALOGING SOURCE
Original cataloging agency DLC
Transcribing agency DLC
Modifying agency DLC
050 00 -
-- BV4811
-- .M3385 1993
082 00 - DEWEY DECIMAL CLASSIFICATION NUMBER
Classification number 242.2
Edition information 20
Item number MAT
100 1# - MAIN ENTRY--PERSONAL NAME
Personal name Mathews, R. Arthur,
Dates associated with a name -1978.
9 (RLIN) 6627
245 10 - TITLE STATEMENT
Title Ready for battle :
Remainder of title 31 studies in Christian discipleship /
Statement of responsibility, etc. R. Arthur Mathews.
260 ## - PUBLICATION, DISTRIBUTION, ETC.
Place of publication, distribution, etc. Wheaton, Ill. :
Name of publisher, distributor, etc. H. Shaw Publishers,
Date of publication, distribution, etc. c1993.
300 ## - PHYSICAL DESCRIPTION
Extent vii, 129 p. ;
Dimensions 21 cm.
440 #3 - SERIES STATEMENT/ADDED ENTRY--TITLE
Title An OMF book
9 (RLIN) 6628
650 #0 - SUBJECT ADDED ENTRY--TOPICAL TERM
Topical term or geographic name entry element Devotional calendars.
9 (RLIN) 1878
650 #0 - SUBJECT ADDED ENTRY--TOPICAL TERM
Topical term or geographic name entry element Christian life.
9 (RLIN) 183
906 ## - LOCAL DATA ELEMENT F, LDF (RLIN)
a 7
b cbc
c orignew
d 1
e ocip
f 19
g y-gencatlg
942 ## - ADDED ENTRY ELEMENTS (KOHA)
Source of classification or shelving scheme Dewey Decimal Classification
Koha item type Books
Holdings
Withdrawn status Lost status Source of classification or shelving scheme Damaged status Not for loan Home library Current Library Shelving location Date acquired Total checkouts Full call number Barcode Date last seen Copy number Price effective from Koha item type
    Dewey Decimal Classification     GRACE BIBLE COLLEGE GRACE BIBLE COLLEGE Ministry & Mission 2017-11-20   242.2 MAT 005800 2025-05-01 c.1 2017-11-20 Books
© Grace Bible College Library 2025